Георгий Скорина: Ист. роман : [Для ст. шк. возраста]

Бібліографічні деталі
Автор: Садкович М. Микола
Інші автори: Львов Е. Л. Евгений Львович (иллюстратор), Кусков И.
Резюме:Перед вып. дан. 1-й авт.: Садкович Николай Федорович
Мова:Російська
Опубліковано: Москва, Детская литература, 1988
Предмети:
Формат: Книга
KOHA link:https://koha.lib.tpu.ru/cgi-bin/koha/opac-detail.pl?biblionumber=100876

MARC

LEADER 00000nam0a2200000 4500
001 100876
005 20231101214331.0
010 |a 508001296X 
020 |a RU  |b 88-36259 
035 |a (RuTPU)RU\TPU\book\108565 
090 |a 100876 
100 |a 20060828d1988 m y0rusy5003 ca 
101 0 |a rus 
102 |a RU 
105 |a a z 000ab 
200 1 |a Георгий Скорина  |e Ист. роман : [Для ст. шк. возраста]  |f М. Садкович, Е. Львов  |g [Рис. И. Кускова] 
210 |a Москва  |c Детская литература  |d 1988 
215 |a 381,[1] с.  |c ил.  |d 22 см 
300 |a Перед вып. дан. 1-й авт.: Садкович Николай Федорович 
600 1 |a Скорина  |b Ф.  |c белорусский просветитель  |c основатель первых кирилловских типографий в Праге и Вильне  |f около 1486-1541  |g Франциск  |2 stltpush  |3 (RuTPU)RU\TPU\pers\12970  |9 3700 
610 1 |a исторические романы 
675 |a Р2  |z rus  |v 3 
700 1 |a Садкович  |b М.  |g Микола  |4 070 
701 1 |a Львов  |b Е. Л.  |g Евгений Львович  |4 070 
702 1 |a Кусков  |b И.  |4 440 
801 0 |a RU  |b RuMRKP  |c 19950417  |g psbo 
801 1 |a RU  |b 63413507  |c 20060828  |g PSBO 
801 2 |a RU  |b 63413507  |c 20060828  |g PSBO 
942 |c BK